00670nam a2200229 a 4500001001300000003000900013005001700022008004100039020002200080082001800102100002100120245003900141260003500180300000800215500003500223505001000258650002300268902000800291942000700299952011700306999001700423nice12345678IN_TiNIC20260116013800.0050524s1985 newa grp 000 0 eng  a8171513 c7000a297.1227bWAL aWaliyullah, Shah aAl-Fauz Al-Kabir Fi Usul Al-Tafsir aNew DelhibKitab Bhavan c1985 a93p aincludes index and biblioraphy2 aIndex aQuran-Hermeneutics bSRS cBK 001040708StackRoom-aHMIbHMId2007-08-03g70.00l0o297.1227 WALp019917r2007-08-03v70.00w2005-05-24yBK c12471d12471